Minecraft Creative Inventory: Operator Utilities - Statistics

General Stats
  • This quiz has been taken 39 times
  • The average score is 20 of 29
Answer Stats
Answer % Correct
Command Block
100%
Barrier
82%
Light (0)
73%
Light (1)
73%
Light (10)
73%
Light (11)
73%
Light (12)
73%
Light (13)
73%
Light (14)
73%
Light (15)
73%
Light (2)
73%
Light (3)
73%
Light (4)
73%
Light (5)
73%
Light (6)
73%
Light (7)
73%
Light (8)
73%
Light (9)
73%
Repeating Command Block
73%
Structure Block
73%
Chain Command Block
68%
Debug Stick
68%
Structure Void
68%
Jigsaw Block
59%
Minecart with Command Block
59%
Painting (Earth)
36%
Painting (Fire)
36%
Painting (Water)
36%
Painting (Wind)
36%
No matching quizzes found
Score Distribution
Percent of People with Each Score
Percentile by Number Answered
Your Score History
You have not taken this quiz